000 00302cam a22001217a 4500
008 180718b1957 xxu||||| |||| 00| 0 eng d
082 _aB14 R659
245 _aHuman sum
_cedited by C.H. Rolph
260 _aLondon
_bHeinemann
_c1957
300 _a232p
650 _aBirth control.
700 _aRolph, C.H.
999 _c418642
_d418642